000 00423ntaaa2200169 4500
003 01
005 20251027202440.0
008 0714s1973 ag 01
040 _aAR-BaBN
_bspa
_cAR-BaBN
_eaacr
_dRIC
082 _a266.0000 W84
245 _aPrayer: the golden chain.
250 _a1 ed.
260 _aBirmingham :
_bWoman's Missionary Union,
_c1934
300 _a64 p.
500 _ala oración en las misiones
942 _cBK
999 _c19449
_d19449